000 00273nam a22001097a 4500
008 160512b xxu||||| |||| 00| 0 eng d
020 _a9789995663698
041 _aeng
080 _a612.39
245 _aBioteknologjia e produkteve ushqimore:
_cKristaq Sini;
942 _2udc
_cBK
999 _c2099
_d2099